00357pab a2200133 454500008004000000100002400040245004600064260000900110300001100119362001500130650003000145700002200175773002600197180718b1987 xxu||||| |||| 00| 0 eng d aMachowski, Heinrich aSoviet eocnomic policy in the Third World c1987 a225-47 aJuly-Sept. aU.S.S.R - Economic Policy aSiegfried, Schult aInternational Studies